000 00320nam a22001337a 4500
008 170809b xxu||||| |||| 00| 0 eng d
020 _a9780789718068
041 _aeng
080 _a004
100 _a35
101 _aSHKI
245 _aCOMPLETE IDIOT'S GUIDE TO MICROSOFT FRONTPAGE 2000
_cPARKER, E
942 _2udc
_cBK
999 _c23018
_d23018